000 02998nam a22003377a 4500
005 20110817111813.0
008 110817t xxu||||| |||| 00| 0 eng d
010 _aENG-103322
020 _a9788120343511
_c350.00
035 _aEN-86855
037 _bDBAD/PUB
040 _aDPL
_bEng
082 _a372.21
100 _aFeeney, Stephanie
_932931
245 _aContinuing issues in early childhood education /
_cby Stephanie Feeney, Alice Galper [and] Carol Seefeldt
250 _a3rd ed
260 _aNew Delhi
_bPHI Learning
_c2011
270 _aM-97, Connaught Circus
_bNew Delhi
_e110001
300 _axxviii, 420 p. :
_c24cm (pbk)
_bill.
500 _aIncludes bibliographical references and index
505 _aGoverning American early care and education : shifting from government to governance and from form to function / Sharon Lynn Kagan & Kristie Kauerz -- The role of government in early care and education : an international perspective / Gale Flynn -- Programs for infants and toddlers / Donna Wittmer & Sandy Peterson -- Quality in programs for young children / Gerrit Westervelt, Annette Sibley & Diana Schaack -- Children’s readiness for success in school / Catherine Scott-Little -- The early childhood education workforce / Sharon Lynn Kagan, Erica Greenberg, Kristie Kauerz & Kate Tarrant -- The professional development of teachers of young children / Nancy Barbour & Martha Lash -- What do early childhood educators need know and do to work in urban settings? / Frances Rust -- Professionalism and ethics in early care and education / Nancy Freeman & Stephanie Feeney -- Curriculum in early childhood education : teaching the whole child / Eva Moravcik & Stephanie Feeney -- Play theory and practice in contemporary classrooms / Stuart Reifel & John A. Sutterby -- Early learning standards and developmentally appropriate practice : contradictory or compatible? / Sue Bredekamp -- Educating young children with developmental differences : principles of inclusive practice / Bruce Mallory & Beth Rous -- Diversity and early childhood education : making room for everyone / Rebecca New & Maggie Beneke -- Assessing young children / Alice Galper & Carol Seefeldt -- Evaluating programs for young children / Cynthia Paris -- Partnerships with families / Janet Gonzalez-Mena -- Advocacy for young children / Linda Buck & Barbara Willer.
650 _aEarly childhood education
_932933
_zUnited States
650 _aEarly childhood education
_932934
_zUnited States
_xFinance.
650 _aTeachers
_xTraining of
_932936
_zUnited States.
650 _aEarly childhood education
_xCurricula
_932937
_zUnited States.
650 _aEarly childhood education
_zUnited States
_932938
_xEvaluation.
700 _aGalper, Alice
_932935
700 _aSeefeldt, Carol
_932939
942 _2ddc
_cEN
_h372.21
_mFEE
999 _c55481
_d55481